Italian Words - Statistics

General Stats
  • This quiz has been taken 53 times
  • The average score is 8 of 12
Answer Stats
Hint Answer % Correct
bambino baby
95%
grazie thank you
95%
gatto cat
87%
montagna mountain
79%
cielo sky
72%
sedia chair
56%
forno oven
56%
piatto plate
54%
fiori flowers
49%
scimmia monkey
46%
bandiera flag
44%
matita pencil
31%
No matching quizzes found
Score Distribution
Percent of People with Each Score
Percentile by Number Answered
Your Score History
You have not taken this quiz